High temperature high pressure electrochemistry in aqueous solutions, January 7-12, 1973, University of Surrey, England : (Record no. 167639)
[ view plain ]
| 000 -LEADER | |
|---|---|
| fixed length control field | 01635cam a2200349Ii 4500 |
| 008 - FIXED-LENGTH DATA ELEMENTS--GENERAL INFORMATION | |
| fixed length control field | |
| 049 ## - LOCAL HOLDINGS (OCLC) | |
| Holding library | MAIN |
| 090 ## - LOCALLY ASSIGNED LC-TYPE CALL NUMBER (OCLC); LOCAL CALL NUMBER (RLIN) | |
| Classification number (OCLC) (R) ; Classification number, CALL (RLIN) (NR) | TP255 |
| Local cutter number (OCLC) ; Book number/undivided call number, CALL (RLIN) | INT |
| 003 - CONTROL NUMBER IDENTIFIER | |
| control field | |
| 005 - DATE AND TIME OF LATEST TRANSACTION | |
| control field | 20230123141109.0 |
| 040 ## - CATALOGING SOURCE | |
| Transcribing agency | NUST |
| 111 2# - MAIN ENTRY--MEETING NAME | |
| Meeting name or jurisdiction name as entry element | International Conference on High Temperature High Pressure Electrochemistry in Aqueous Solutions |
| Date of meeting or treaty signing | (1973 : |
| Location of meeting | University of Surrey, England) |
| 245 10 - TITLE STATEMENT | |
| Title | High temperature high pressure electrochemistry in aqueous solutions, January 7-12, 1973, University of Surrey, England : |
| Remainder of title | [papers]/ sponsors, Central Electricity Research Laboratory, England, National Association of Corrosion Engineers, USA,University of Surrey, England ; co-chairmen, D. de G. Jones, R. W. Staehle. |
| 260 ## - PUBLICATION, DISTRIBUTION, ETC. | |
| Place of publication, distribution, etc. | Texas. : |
| Name of publisher, distributor, etc. | National Association of Corrosion Engineers, |
| Date of publication, distribution, etc. | c1976. |
| 300 ## - PHYSICAL DESCRIPTION | |
| Extent | i10, 578, 9i p. : |
| Other physical details | ill., ports. ; |
| Dimensions | 29 cm. |
| 440 #0 - SERIES STATEMENT/ADDED ENTRY--TITLE | |
| Title | International corrosion conference series ; |
| Volume/sequential designation | NACE-4 |
| 500 ## - GENERAL NOTE | |
| General note | Includes index. |
| 504 ## - BIBLIOGRAPHY, ETC. NOTE | |
| Bibliography, etc. note | Includes bibliographical references. |
| 650 #0 - SUBJECT ADDED ENTRY--TOPICAL TERM | |
| Topical term or geographic name entry element | Stress corrosion |
| Form subdivision | Congresses. |
| 650 #0 - SUBJECT ADDED ENTRY--TOPICAL TERM | |
| Topical term or geographic name entry element | Alloys |
| General subdivision | Corrosion |
| Form subdivision | Congresses. |
| 650 #0 - SUBJECT ADDED ENTRY--TOPICAL TERM | |
| Topical term or geographic name entry element | Electrochemistry |
| Form subdivision | Congresses. |
| 650 #0 - SUBJECT ADDED ENTRY--TOPICAL TERM | |
| Topical term or geographic name entry element | Materials at high temperatures |
| Form subdivision | Congresses. |
| 650 #0 - SUBJECT ADDED ENTRY--TOPICAL TERM | |
| Topical term or geographic name entry element | Corrosion and anti-corrosives |
| Form subdivision | Congresses. |
| 650 #0 - SUBJECT ADDED ENTRY--TOPICAL TERM | |
| Topical term or geographic name entry element | Solution (Chemistry) |
| Form subdivision | Congresses. |
| 700 1# - ADDED ENTRY--PERSONAL NAME | |
| Personal name | Jones, D. de G. |
| 700 1# - ADDED ENTRY--PERSONAL NAME | |
| Personal name | Staehle, R.W. |
| 710 1# - ADDED ENTRY--CORPORATE NAME | |
| Corporate name or jurisdiction name as entry element | Leatherhead (England). |
| Subordinate unit | Central Electricity Research Laboratories. |
| 710 2# - ADDED ENTRY--CORPORATE NAME | |
| Corporate name or jurisdiction name as entry element | National Association of Corrosion Engineers. |
| 710 2# - ADDED ENTRY--CORPORATE NAME | |
| Corporate name or jurisdiction name as entry element | University of Surrey. |
| 907 ## - LOCAL DATA ELEMENT G, LDG (RLIN) | |
| a | .b10069422 |
| b | 12-04-18 |
| c | 17-04-03 |
| 942 ## - ADDED ENTRY ELEMENTS (KOHA) | |
| Koha item type | Ordinary Loan Books |
| Call number prefix | TP255 |
| Call number suffix | INT |
| Date last seen | Total Checkouts | Full call number | Barcode | Cost, replacement price | Price effective from | Koha item type | Lost status | Source of classification or shelving scheme | Damaged status | Not for loan | Collection | Withdrawn status | Home library | Current library | Shelving location | Date acquired | Cost, normal purchase price |
|---|---|---|---|---|---|---|---|---|---|---|---|---|---|---|---|---|---|
| 01/23/2023 | TP255 HIG | 92003019811 | 80.00 | 01/23/2023 | BOOKS | LCC | NFIC | MAIN | MAIN | GEN | 01/23/2023 | 80.00 |